header

Leadership and management in social care (Record no. 1912)

MARC details
000 -LEADER
fixed length control field 01392nam a2200373 a 4500
082 04 - DEWEY DECIMAL CLASSIFICATION NUMBER
Classification number 361.3068
245 00 - TITLE STATEMENT
Title Leadership and management in social care
260 ## - PUBLICATION, DISTRIBUTION, ETC. (IMPRINT)
Place of publication Los Angeles :
Name of publisher SAGE,
Year of publication 2008.
300 ## - PHYSICAL DESCRIPTION
Number of Pages vii, 222 p. :
Other physical details ill.
650 #0 - SUBJECT ADDED ENTRY--TOPICAL TERM
Topical Term Social work administration.
Topical Term Human services personnel
Topical Term Leadership.
700 1# - ADDED ENTRY--PERSONAL NAME
Personal name Hafford-Letchfield, Trish.
856 40 - ELECTRONIC LOCATION AND ACCESS
Uniform Resource Identifier http://site.ebrary.com/lib/rucke/Doc?id=10285269

No items available.

© 2026 Rongo University
Contact us: librarian | system librarian | Rongo university